[Event "L'Open de l'Ouest Toulousain"]
[Site "Villeneuve-Tolosane"]
[Date "2006.02.27"]
[Round "1.1"]
[White "Korneev, Oleg"]
[Black "Dimitrov, Pavel"]
[Result "1-0"]
[WhiteElo "2649"]
[BlackElo "2242"]
[PlyCount "69"]
[EventDate "2006.??.??"]

1. e4 e5 2. Nf3 Nc6 3. Bb5 a6 4. Ba4 Nf6 5. O-O b5 6. Bb3 Be7 7. Re1 O-O 8. h3
d6 9. c3 Na5 10. Bc2 c5 11. d4 cxd4 12. cxd4 Qc7 13. Nc3 Bb7 14. d5 Rac8 15.
Bd3 h6 16. Ne2 Rfe8 17. Ng3 Bf8 18. b3 g6 19. Bd2 Qb6 20. Re2 Ba8 21. Be3 Qd8
22. a4 Bg7 23. axb5 Rc3 24. b6 Nxb3 25. Ra3 Bxd5 26. exd5 e4 27. Bxe4 Nxe4 28.
Nxe4 Rxe4 29. Rxb3 Rxb3 30. Qxb3 a5 31. b7 Rb4 32. Qxb4 axb4 33. Ra2 b3 34. Ra8
b2 35. Rxd8+ 1-0

[Event "L'Open de l'Ouest Toulousain"]
[Site "Villeneuve-Tolosane"]
[Date "2006.02.27"]
[Round "1.2"]
[White "Ouakhir, Mehdi"]
[Black "Fedorchuk, Sergey A"]
[Result "0-1"]
[WhiteElo "2237"]
[BlackElo "2590"]
[PlyCount "46"]
[EventDate "2006.??.??"]

1. b3 d5 2. e3 Nf6 3. Bb2 Bf5 4. f4 e6 5. Nf3 Nbd7 6. Be2 h6 7. d3 Bb4+ 8. c3
Bd6 9. h3 g5 10. g4 Bg6 11. fxg5 hxg5 12. Nxg5 Nxg4 13. Nxf7 Qh4+ 14. Kd2 Kxf7
15. Bxg4 Ne5 16. Be2 Ke7 17. c4 dxc4 18. bxc4 Rad8 19. Kc1 Qf2 20. Qg1 Qxe2 21.
Qg5+ Ke8 22. Bxe5 Qxd3 23. Rh2 Rh5 0-1

[Event "L'Open de l'Ouest Toulousain"]
[Site "Villeneuve-Tolosane"]
[Date "2006.02.27"]
[Round "1.3"]
[White "Karpatchev, Aleksandr"]
[Black "Zharkov, Hleb"]
[Result "1-0"]
[WhiteElo "2530"]
[BlackElo "2235"]
[PlyCount "101"]
[EventDate "2006.??.??"]

1. e4 e6 2. d4 d5 3. Nd2 dxe4 4. Nxe4 Nd7 5. Bd3 c5 6. dxc5 Nxc5 7. Nxc5 Bxc5
8. Qe2 Nf6 9. Bd2 O-O 10. O-O-O Qd5 11. Kb1 e5 12. Bg5 e4 13. Bxf6 exd3 14.
Rxd3 Qe6 15. Bd4 Bxd4 16. Rxd4 Qg6 17. Nf3 Qxg2 18. Rg1 Qh3 19. Qe5 g6 20. Qe3
Qe6 21. Qh6 Qf6 22. Rh4 Qg7 23. Qf4 f6 24. Qe3 a5 25. Re4 a4 26. h4 Bf5 27. Re7
Rf7 28. Rxf7 Qxf7 29. Nd4 Bd7 30. h5 Re8 31. Qg3 Qe7 32. a3 Qe5 33. hxg6 Qxg3
34. gxh7+ Kxh7 35. fxg3 Kg6 36. Kc1 Kg5 37. Kd2 Rc8 38. Rh1 Kg4 39. Rh7 Bc6 40.
Rg7+ Kh3 41. Rg6 f5 42. Nxf5 Be4 43. Rh6+ Kg2 44. Nd4 Kxg3 45. Rf6 Kg4 46. c3
Rh8 47. Ke3 Bh1 48. Rg6+ Kh5 49. Rg1 Bd5 50. Kf4 Re8 51. Rg5+ 1-0

[Event "L'Open de l'Ouest Toulousain"]
[Site "Villeneuve-Tolosane"]
[Date "2006.02.27"]
[Round "1.5"]
[White "Manolache, Marius"]
[Black "Corke, Anya"]
[Result "1-0"]
[WhiteElo "2488"]
[BlackElo "2216"]
[PlyCount "57"]
[EventDate "2006.??.??"]

1. d4 d5 2. Nf3 Nf6 3. c4 c6 4. Qc2 dxc4 5. e4 b5 6. b3 cxb3 7. axb3 e6 8. Bd2
Bb7 9. Bd3 Nbd7 10. O-O Be7 11. Nc3 h6 12. e5 Nd5 13. Nxd5 cxd5 14. Ba5 Nb6 15.
Bxb5+ Kf8 16. Rfc1 Rc8 17. Qd2 g5 18. Rxc8 Bxc8 19. Bb4 Qc7 20. Qc3 Qxc3 21.
Bxc3 a6 22. Bxa6 Kg7 23. Bb5 g4 24. Ra7 gxf3 25. Rxe7 Rg8 26. h3 fxg2 27. Ba5
Nd7 28. Bxd7 Ba6 29. Bxe6 1-0

[Event "L'Open de l'Ouest Toulousain"]
[Site "Villeneuve-Tolosane"]
[Date "2006.02.27"]
[Round "1.6"]
[White "Martinez Lopez, Ivan"]
[Black "Okhotnik, Vladimir"]
[Result "1/2-1/2"]
[WhiteElo "2201"]
[BlackElo "2470"]
[PlyCount "191"]
[EventDate "2006.??.??"]

1. f4 Nh6 2. Nf3 g6 3. e3 Bg7 4. Be2 c5 5. d3 Nc6 6. O-O d6 7. e4 O-O 8. c3 e5
9. Na3 f6 10. h3 Nf7 11. Be3 b6 12. d4 Qe7 13. fxe5 fxe5 14. d5 Nb8 15. Qd2 Nd7
16. Ng5 Nxg5 17. Bxg5 Bf6 18. Bh6 Bg7 19. Rxf8+ Nxf8 20. Bg5 Bf6 21. h4 Bxg5
22. hxg5 a6 23. Nc4 Qd8 24. a4 Ra7 25. Qe3 Rf7 26. Rf1 Rxf1+ 27. Kxf1 Kg7 28.
Kf2 Qc7 29. Kg3 b5 30. axb5 axb5 31. Na3 b4 32. Nb5 Qe7 33. cxb4 cxb4 34. Na7
Bd7 35. Bb5 Bxb5 36. Nxb5 Nd7 37. Na7 Nc5 38. Nc6 Qf8 39. Nxb4 Qb8 40. Nc6 Qxb2
41. Qf3 Qb3 42. Kg4 Qxf3+ 43. gxf3 Kf7 44. Kg3 Ke8 45. Kg4 Nd3 46. Kg3 Nf4 47.
Kg4 Ne2 48. Kh4 Kd7 49. Kg4 Nf4 50. Nb8+ Kc7 51. Nc6 Nh5 52. Ne7 Kd7 53. Nc6
Ke8 54. Nb8 Nf4 55. Nc6 Ne2 56. Kh4 Kf8 57. Kg4 Nc3 58. Na7 Ke8 59. Nc6 Ne2 60.
Kh4 Kf8 61. Kg4 Nc1 62. Nd8 Nd3 63. Ne6+ Ke7 64. Kg3 Nc1 65. Kg4 Nb3 66. Kg3
Na5 67. Kg4 Nc4 68. Kg3 Na5 69. Kg4 Nc4 70. Kg3 Nb6 71. Kg4 Nd7 72. Kg3 Nb8 73.
Kg4 Na6 74. Kg3 Nb4 75. Kg4 Na2 76. Kg3 Nc1 77. Kg4 Ne2 78. Kh4 Kf7 79. Kg4 Kg8
80. Kh4 Nc3 81. Kg4 Nb5 82. Kg3 Na3 83. Kg4 Nc4 84. Kg3 h5 85. gxh6 Kh7 86. Kg4
Kxh6 87. Kh4 Nd2 88. Kg4 Nc4 89. Kh4 Nb6 90. Kg4 Nd7 91. Kh4 Nf6 92. Ng5 Kg7
93. Ne6+ Kh6 94. Ng5 Kg7 95. Ne6+ Kh6 96. Ng5 1/2-1/2

[Event "L'Open de l'Ouest Toulousain"]
[Site "Villeneuve-Tolosane"]
[Date "2006.02.27"]
[Round "1.7"]
[White "Genov, Petar"]
[Black "Sanchez, Nicolas"]
[Result "1-0"]
[WhiteElo "2467"]
[BlackElo "2199"]
[PlyCount "57"]
[EventDate "2006.??.??"]

1. d4 Nf6 2. c4 g6 3. Nc3 Bg7 4. e4 d6 5. f3 O-O 6. Bg5 c5 7. d5 e6 8. Qd2 exd5
9. cxd5 a6 10. a4 Qa5 11. Ra3 Nbd7 12. Nge2 Re8 13. Nc1 Ne5 14. Be2 Qb4 15.
N1a2 Qd4 16. Be3 Qxd2+ 17. Kxd2 Bd7 18. Rb1 c4 19. a5 Rac8 20. b3 Kf8 21. bxc4
Nxc4+ 22. Bxc4 Rxc4 23. Rxb7 Rec8 24. Rab3 Bb5 25. Nxb5 axb5 26. Nb4 Nxe4+ 27.
fxe4 Bc3+ 28. Rxc3 Rxc3 29. a6 1-0

[Event "L'Open de l'Ouest Toulousain"]
[Site "Villeneuve-Tolosane"]
[Date "2006.02.27"]
[Round "1.8"]
[White "Chaplin, Erik"]
[Black "Prie, Eric"]
[Result "0-1"]
[WhiteElo "2185"]
[BlackElo "2467"]
[PlyCount "80"]
[EventDate "2006.??.??"]

1. e4 d5 2. exd5 Qxd5 3. Nc3 Qa5 4. d4 Nf6 5. Nf3 c6 6. Bc4 Bf5 7. Bd2 e6 8.
Nd5 Qd8 9. Nxf6+ Qxf6 10. Bc3 Bg4 11. Be2 Qd8 12. Qd2 Nd7 13. Qf4 Nf6 14. Ne5
Bxe2 15. Kxe2 Bd6 16. Rhd1 O-O 17. Qf3 Nd5 18. Kf1 Qh4 19. Kg1 Rad8 20. Ba5 Rc8
21. g3 Qh3 22. Nd7 Rfe8 23. c4 Ne7 24. Ne5 Nf5 25. g4 Qxf3 26. Nxf3 Ne7 27. Bd2
h6 28. Be3 Red8 29. h4 Rd7 30. Ne5 Rdd8 31. Nf3 Kf8 32. h5 Ng8 33. d5 exd5 34.
cxd5 cxd5 35. Bxa7 Nf6 36. Bb6 Re8 37. Nd4 Nxg4 38. Kg2 Nf6 39. Nf5 Bc5 40.
Bxc5+ Rxc5 0-1

[Event "L'Open de l'Ouest Toulousain"]
[Site "Villeneuve-Tolosane"]
[Date "2006.02.27"]
[Round "1.9"]
[White "Cioara, Andrei Nestor"]
[Black "Daloz, Jean-Michel"]
[Result "1/2-1/2"]
[WhiteElo "2440"]
[BlackElo "2167"]
[PlyCount "99"]
[EventDate "2006.??.??"]

1. e4 c5 2. Nf3 Nc6 3. d4 cxd4 4. Nxd4 Nf6 5. Nc3 e5 6. Ndb5 d6 7. Bg5 a6 8.
Na3 b5 9. Nd5 Be7 10. Bxf6 Bxf6 11. c3 Bb7 12. Nc2 Nb8 13. a4 bxa4 14. Rxa4 Nd7
15. Rb4 Ra7 16. Nce3 O-O 17. Rc4 Bg5 18. Nf5 g6 19. Nxd6 Bxd5 20. exd5 Nb6 21.
Rc6 Rd7 22. Qg4 h5 23. Nxf7 hxg4 24. Nxd8 Bxd8 25. Rxg6+ Rg7 26. Rxg7+ Kxg7 27.
Bxa6 Na4 28. h3 Bb6 29. Rf1 gxh3 30. gxh3 Nxb2 31. Ke2 Na4 32. c4 Bd4 33. Bb5
Nc3+ 34. Kd3 Rf3+ 35. Kc2 Nxb5 36. cxb5 Rxf2+ 37. Rxf2 Bxf2 38. Kd3 Bc5 39. Ke4
Kf6 40. h4 Bd6 41. b6 Kg6 42. b7 Bb8 43. h5+ Kg5 44. h6 Kxh6 45. Kf5 Kh5 46.
Ke6 e4 47. d6 e3 48. d7 e2 49. d8=Q e1=Q+ 50. Kd7 1/2-1/2

[Event "L'Open de l'Ouest Toulousain"]
[Site "Villeneuve-Tolosane"]
[Date "2006.02.27"]
[Round "1.10"]
[White "Garrel, Alain"]
[Black "Nanu, Ciprian-Costica"]
[Result "0-1"]
[WhiteElo "2166"]
[BlackElo "2436"]
[PlyCount "80"]
[EventDate "2006.??.??"]

1. d4 Nf6 2. Nf3 e6 3. g3 b5 4. Bg2 Bb7 5. Qd3 a6 6. a4 bxa4 7. O-O c5 8. dxc5
Bxc5 9. Nc3 a3 10. bxa3 O-O 11. Rb1 Bc6 12. a4 h6 13. Be3 Qa5 14. Nd4 Bxg2 15.
Nb3 Qc7 16. Bxc5 Bxf1 17. Bxf8 Kxf8 18. Kxf1 Nc6 19. Qc4 Rc8 20. Nd1 Qb7 21.
Nd2 Qa8 22. f3 Ne7 23. Qd3 Qc6 24. Ne3 Qxa4 25. Ndc4 Rd8 26. Nd6 Qc6 27. Nec4
Ng6 28. Rb6 Qa4 29. Nxf7 Kxf7 30. Nd6+ Kg8 31. Qxg6 Qa1+ 32. Kg2 Rf8 33. Ne4
Nd5 34. Rd6 Qd1 35. Kf2 Qd4+ 36. Kg2 Qa7 37. Kh3 Qg1 38. Ng5 hxg5 39. Rxd7 Qf1+
40. Kg4 Nf6+ 0-1

[Event "L'Open de l'Ouest Toulousain"]
[Site "Villeneuve-Tolosane"]
[Date "2006.02.28"]
[Round "2.1"]
[White "Marholev, Dimitar"]
[Black "Korneev, Oleg"]
[Result "0-1"]
[WhiteElo "2427"]
[BlackElo "2649"]
[PlyCount "70"]
[EventDate "2006.??.??"]

1. c4 e5 2. g3 Nf6 3. Bg2 Nc6 4. Nc3 Bc5 5. e3 d5 6. cxd5 Nb4 7. a3 Nbxd5 8.
Nge2 O-O 9. Nxd5 Nxd5 10. d4 exd4 11. Nxd4 c6 12. O-O Re8 13. Qd3 Nb6 14. Rd1
Bg4 15. Bf3 Bxf3 16. Nxf3 Qf6 17. Kg2 Nd5 18. Qc2 Bb6 19. e4 Qg6 20. Re1 Nf6
21. Nh4 Qh5 22. h3 Rad8 23. Nf5 Qxf5 24. exf5 Rxe1 25. b4 Rdd1 26. Bb2 Rg1+ 27.
Kh2 Rxa1 28. Bxa1 Rxa1 29. b5 Rf1 30. bxc6 Rxf2+ 31. Qxf2 Bxf2 32. c7 Bxg3+ 33.
Kxg3 Ne4+ 34. Kf4 Nd6 35. Ke5 Nc8 0-1

[Event "L'Open de l'Ouest Toulousain"]
[Site "Villeneuve-Tolosane"]
[Date "2006.02.28"]
[Round "2.2"]
[White "Fedorchuk, Sergey A"]
[Black "Abergel, Thal"]
[Result "0-1"]
[WhiteElo "2590"]
[BlackElo "2426"]
[PlyCount "80"]
[EventDate "2006.??.??"]

1. e4 c5 2. Nf3 Nc6 3. Bb5 d6 4. O-O Bd7 5. Re1 Nf6 6. c3 a6 7. Bf1 Bg4 8. d3
e6 9. Nbd2 Be7 10. h3 Bh5 11. g4 Bg6 12. Nh4 Nd7 13. Nf5 exf5 14. exf5 Bxf5 15.
gxf5 O-O 16. Bg2 Nde5 17. Ne4 d5 18. f6 dxe4 19. fxe7 Qxe7 20. d4 Rad8 21. Rxe4
f5 22. Qb3+ Kh8 23. Rxe5 Nxe5 24. dxe5 f4 25. e6 b5 26. a4 c4 27. Qb4 Qxe6 28.
axb5 Qe1+ 29. Bf1 axb5 30. Qa3 b4 31. Qxb4 Rf6 32. Bxf4 Rg6+ 33. Bg3 Qxa1 34.
Qxc4 Qxb2 35. Bd3 Qc1+ 36. Kg2 Rxg3+ 37. Kxg3 Qg1+ 38. Kf3 Rf8+ 39. Ke4 Qxf2
40. Qe6 Qe1+ 0-1

[Event "L'Open de l'Ouest Toulousain"]
[Site "Villeneuve-Tolosane"]
[Date "2006.02.28"]
[Round "2.4"]
[White "Sikula, Vaszilij"]
[Black "Sakelsek, Tadej"]
[Result "1/2-1/2"]
[WhiteElo "2490"]
[BlackElo "2418"]
[PlyCount "28"]
[EventDate "2006.??.??"]

1. e4 e5 2. Bc4 Nf6 3. d3 Nc6 4. Nf3 Be7 5. O-O O-O 6. Re1 d6 7. a4 h6 8. c3
Nh7 9. a5 a6 10. Be3 Ng5 11. Nbd2 Bg4 12. h3 Bh5 13. Bxg5 Bxg5 14. Qb3 Rb8
1/2-1/2

[Event "L'Open de l'Ouest Toulousain"]
[Site "Villeneuve-Tolosane"]
[Date "2006.02.28"]
[Round "2.5"]
[White "Dobrev, Nanko"]
[Black "Manolache, Marius"]
[Result "0-1"]
[WhiteElo "2394"]
[BlackElo "2488"]
[PlyCount "120"]
[EventDate "2006.??.??"]

1. d4 Nf6 2. Nf3 g6 3. c4 Bg7 4. Nc3 O-O 5. e4 c6 6. e5 Ne8 7. Be2 d6 8. O-O
Bg4 9. Re1 Nd7 10. Bf4 Bxf3 11. Bxf3 dxe5 12. dxe5 Nc7 13. Re2 Qe8 14. Bg4 Rd8
15. Qc2 Nc5 16. Be3 Nd3 17. Bxa7 Nxe5 18. Rae1 f5 19. Rxe5 Bxe5 20. Rxe5 fxg4
21. Qe2 Qd7 22. Rxe7 Qxe7 23. Qxe7 Rfe8 24. Qe3 Rxe3 25. Bxe3 Ne8 26. Kf1 Nd6
27. b3 Nf5 28. Ke2 Re8 29. Kd3 Nxe3 30. fxe3 Rd8+ 31. Ke2 Kf7 32. a4 Ke7 33.
Ne4 b6 34. c5 bxc5 35. Nxc5 Rd5 36. Ne4 Rh5 37. Ng3 Rc5 38. Kd2 Rd5+ 39. Ke2
Ke6 40. Ne4 Rh5 41. Ng3 Rc5 42. Kd2 Rd5+ 43. Ke2 Ke5 44. Nf1 Rc5 45. Kd2 h5 46.
Ng3 Rd5+ 47. Ke2 h4 48. Nh1 Rc5 49. Kd2 Rd5+ 50. Ke2 Rd8 51. Nf2 Kd6 52. Nd3 c5
53. b4 cxb4 54. Nxb4 Ra8 55. Nd3 Rxa4 56. Nf2 Ke5 57. g3 g5 58. e4 hxg3 59.
hxg3 Rxe4+ 60. Kf1 Ra4 0-1

[Event "L'Open de l'Ouest Toulousain"]
[Site "Villeneuve-Tolosane"]
[Date "2006.02.28"]
[Round "2.6"]
[White "Colin, Vincent"]
[Black "Genov, Petar"]
[Result "1-0"]
[WhiteElo "2374"]
[BlackElo "2467"]
[PlyCount "67"]
[EventDate "2006.??.??"]

1. c4 Nf6 2. Nc3 c5 3. Nf3 e6 4. e3 b6 5. d4 cxd4 6. exd4 Bb7 7. Bd3 Bb4 8. Bd2
O-O 9. O-O d5 10. cxd5 Bxc3 11. bxc3 Qxd5 12. Re1 Nbd7 13. c4 Qh5 14. Bb4 Rfd8
15. Be7 Re8 16. Bd6 Rac8 17. Rc1 Red8 18. Be7 Bxf3 19. gxf3 Re8 20. Bd6 e5 21.
c5 exd4 22. c6 Rxe1+ 23. Qxe1 Nc5 24. Rxc5 bxc5 25. c7 Qg5+ 26. Bg3 c4 27. Qe7
Ne4 28. Qd7 Nd6 29. Bxc4 Qc1+ 30. Kg2 Qxc4 31. Qd8+ Ne8 32. Qxc8 Qc6 33. Qd8 d3
34. c8=Q 1-0

[Event "L'Open de l'Ouest Toulousain"]
[Site "Villeneuve-Tolosane"]
[Date "2006.02.28"]
[Round "2.7"]
[White "Prie, Eric"]
[Black "Vul, Arkadi Eremeevich"]
[Result "1-0"]
[WhiteElo "2467"]
[BlackElo "2407"]
[PlyCount "105"]
[EventDate "2006.??.??"]

1. d4 d5 2. a3 Nf6 3. Nf3 e6 4. Bf4 Nbd7 5. e3 Be7 6. h3 O-O 7. Nbd2 b6 8. Bd3
Bb7 9. c3 Ne4 10. Bc2 Nxd2 11. Nxd2 c5 12. Qh5 f5 13. Qe2 Nf6 14. g4 Ne4 15.
gxf5 exf5 16. Nf3 Qc8 17. Bd3 a5 18. Rg1 Ba6 19. Bxa6 Qxa6 20. Qxa6 Rxa6 21. a4
Ra7 22. Rg2 Bf6 23. O-O-O c4 24. Ne5 Bxe5 25. Bxe5 g6 26. Kc2 Kf7 27. Rb1 Ke6
28. b3 cxb3+ 29. Rxb3 Rb7 30. f3 Nd6 31. Bxd6 Kxd6 32. Kd3 Kc6 33. c4 dxc4+ 34.
Kxc4 Re8 35. d5+ Kd6 36. Kd4 b5 37. Rc2 Reb8 38. Rc6+ Kd7 39. Rc5 bxa4 40.
Rxb7+ Rxb7 41. Rxa5 Rb4+ 42. Kc5 Rb3 43. e4 Re3 44. Kd4 Rxf3 45. e5 a3 46. Ra7+
Kc8 47. d6 Rf1 48. e6 Rd1+ 49. Ke5 f4 50. Rxa3 Re1+ 51. Kf6 Re3 52. Rxe3 fxe3
53. e7 1-0

[Event "L'Open de l'Ouest Toulousain"]
[Site "Villeneuve-Tolosane"]
[Date "2006.02.28"]
[Round "2.8"]
[White "Nanu, Ciprian-Costica"]
[Black "Zimmerman, Yuri"]
[Result "1/2-1/2"]
[WhiteElo "2436"]
[BlackElo "2379"]
[PlyCount "92"]
[EventDate "2006.??.??"]

1. e4 d6 2. d4 Nf6 3. Nc3 g6 4. Nf3 Bg7 5. Be2 O-O 6. O-O Bg4 7. Be3 Nc6 8. Nd2
Bc8 9. Nb3 a5 10. a3 a4 11. Nd2 Bd7 12. h3 e5 13. dxe5 dxe5 14. Nf3 Qe7 15. Bg5
Be6 16. Bb5 Rfd8 17. Qc1 Nd4 18. Nxd4 exd4 19. Ne2 Qc5 20. Bd3 Re8 21. c3 dxc3
22. Nxc3 Bb3 23. Be3 Qe7 24. Re1 c6 25. Bh6 Nd7 26. Bxg7 Kxg7 27. Qe3 Qc5 28.
Qg3 Ne5 29. Rac1 Qd4 30. Bc2 Nc4 31. Bxb3 axb3 32. Rcd1 Qf6 33. Rd7 b5 34. Re2
Rad8 35. Rxd8 Qxd8 36. e5 Qd7 37. f4 Rd8 38. Kh2 Nd2 39. Qg5 Qd4 40. f5 Nf1+
41. Kh1 Rf8 42. Re4 Qf2 43. f6+ Kh8 44. Qh6 Ng3+ 45. Kh2 Nf1+ 46. Kh1 Ng3+
1/2-1/2

[Event "L'Open de l'Ouest Toulousain"]
[Site "Villeneuve-Tolosane"]
[Date "2006.02.28"]
[Round "2.9"]
[White "Bijaoui, Manuel"]
[Black "Sanchez, Joseph"]
[Result "0-1"]
[WhiteElo "2355"]
[BlackElo "2435"]
[PlyCount "98"]
[EventDate "2006.??.??"]

1. e4 c5 2. Nf3 Nc6 3. Bb5 d6 4. O-O Bd7 5. Re1 Nf6 6. c3 a6 7. Bf1 e5 8. h3
Be7 9. d4 cxd4 10. cxd4 exd4 11. Nxd4 O-O 12. Nc3 Rc8 13. Bf4 Re8 14. Qd2 Ne5
15. Rad1 Bf8 16. Bg5 h6 17. Bh4 Ng6 18. Bg3 b5 19. a3 Qb6 20. Nd5 Nxd5 21. exd5
Ne5 22. Rc1 Nc4 23. Bxc4 Rxe1+ 24. Rxe1 bxc4 25. Ne6 fxe6 26. dxe6 Bxe6 27.
Rxe6 Qb7 28. Qe2 Qd7 29. f4 d5 30. Rxa6 d4 31. Qe6+ Qxe6 32. Rxe6 c3 33. bxc3
dxc3 34. f5 Rc4 35. Be5 c2 36. Bb2 c1=Q+ 37. Bxc1 Rxc1+ 38. Kh2 Kf7 39. Ra6 h5
40. g4 h4 41. g5 Rc2+ 42. Kh1 Be7 43. g6+ Ke8 44. a4 Rc5 45. Ra8+ Kd7 46. Ra7+
Kd6 47. Ra6+ Rc6 48. Ra5 Bf6 49. Kg2 Rc5 0-1

[Event "L'Open de l'Ouest Toulousain"]
[Site "Villeneuve-Tolosane"]
[Date "2006.02.28"]
[Round "2.10"]
[White "Nemeth, Francisc"]
[Black "Brochet, Philippe"]
[Result "1-0"]
[WhiteElo "2431"]
[BlackElo "2368"]
[PlyCount "59"]
[EventDate "2006.??.??"]

1. e4 Nf6 2. e5 Nd5 3. d4 d6 4. Nf3 Bf5 5. Bd3 Qd7 6. Bxf5 Qxf5 7. Qe2 Nc6 8.
exd6 cxd6 9. O-O Nc7 10. Nc3 d5 11. Nb5 Ne6 12. c4 Rd8 13. Be3 g5 14. cxd5 Rxd5
15. Nc3 Bg7 16. Qc4 Rxd4 17. Nxd4 Nexd4 18. Rad1 Ne6 19. Rd5 Qg6 20. Qb5 Bxc3
21. Qxb7 O-O 22. bxc3 Nf4 23. Rc5 Nd8 24. Qb1 f5 25. Bxf4 gxf4 26. Re1 f3 27.
g3 Qg4 28. Rxe7 Nf7 29. Qxf5 h5 30. h3 1-0

[Event "L'Open de l'Ouest Toulousain"]
[Site "Villeneuve-Tolosane"]
[Date "2006.02.28"]
[Round "3.1"]
[White "Korneev, Oleg"]
[Black "Nemeth, Francisc"]
[Result "0-1"]
[WhiteElo "2649"]
[BlackElo "2431"]
[PlyCount "66"]
[EventDate "2006.??.??"]

1. e4 c5 2. Nf3 d6 3. d4 cxd4 4. Nxd4 Nf6 5. Nc3 a6 6. Bg5 Nc6 7. Qd2 e6 8.
O-O-O Bd7 9. f3 Be7 10. Kb1 b5 11. h4 Nxd4 12. Qxd4 b4 13. Ne2 h6 14. Bxf6 gxf6
15. g4 Qa5 16. Nf4 Qe5 17. Qd2 a5 18. Nh5 a4 19. f4 Qc5 20. Rh3 Bc6 21. Bg2 Rg8
22. Rg3 b3 23. Rc3 Qb6 24. cxb3 Rxg4 25. Bf3 Rg8 26. f5 axb3 27. Rxb3 Qa7 28.
Ra3 Qb7 29. Rxa8+ Qxa8 30. Re1 Kd7 31. Qxh6 Bb5 32. Qe3 Rb8 33. Nf4 e5 {
suite illisible} 0-1

[Event "L'Open de l'Ouest Toulousain"]
[Site "Villeneuve-Tolosane"]
[Date "2006.02.28"]
[Round "3.2"]
[White "Manolache, Marius"]
[Black "Petrov, Marijan"]
[Result "1/2-1/2"]
[WhiteElo "2488"]
[BlackElo "2425"]
[PlyCount "20"]
[EventDate "2006.??.??"]

1. d4 g6 2. Nf3 Bg7 3. c4 c5 4. d5 d6 5. h3 Nf6 6. Nc3 e6 7. e4 O-O 8. Bd3 Na6
9. O-O Nc7 10. Re1 Rb8 1/2-1/2

[Event "L'Open de l'Ouest Toulousain"]
[Site "Villeneuve-Tolosane"]
[Date "2006.02.28"]
[Round "3.3"]
[White "Leon Hoyos, Manuel"]
[Black "Prie, Eric"]
[Result "0-1"]
[WhiteElo "2428"]
[BlackElo "2467"]
[PlyCount "164"]
[EventDate "2006.??.??"]

1. e4 d5 2. exd5 Qxd5 3. Nc3 Qa5 4. d4 Nf6 5. Bd2 Bg4 6. Nf3 Nbd7 7. h3 Bh5 8.
Bc4 O-O-O 9. g4 Bg6 10. Qe2 e6 11. O-O-O Bb4 12. a3 Bxc3 13. Bxc3 Qb6 14. Bd2
Qc6 15. Rhe1 Qe4 16. Qxe4 Nxe4 17. Be3 Nb6 18. Bd3 Nd6 19. Bf1 Be4 20. Ng5 Bg6
21. Nf3 Be4 22. Nd2 Bg6 23. c4 Ne8 24. Nf3 Nf6 25. Ne5 Nfd7 26. Nxg6 hxg6 27.
a4 Nf6 28. a5 Nbd7 29. Bg2 Nb8 30. Kc2 Nc6 31. Kc3 Nxa5 32. b4 Nc6 33. Ra1 a6
34. g5 Ne8 35. b5 axb5 36. cxb5 Ne7 37. Ra8+ Kd7 38. Rxd8+ Kxd8 39. Ra1 Nd5+
40. Kd2 b6 41. Ra8+ Ke7 42. Kd3 Rf8 43. Bxd5 exd5 44. Bf4 Kd7 45. h4 f6 46. Ke3
Rh8 47. Bg3 fxg5 48. hxg5 Rh1 49. Be5 Rb1 50. Kf4 Rxb5 51. Ra1 Rb4 52. Rh1 Ke6
53. Rh8 Kf7 54. Rh3 Rb2 55. Rc3 Rxf2+ 56. Ke3 Rf5 57. Bf4 Kg8 58. Rc6 Rf7 59.
Rxg6 Re7+ 60. Kd3 Kf7 61. Rc6 Re6 62. Rc1 c6 63. Be5 Kg6 64. Bf4 Kf5 65. Be3
Nc7 66. Rf1+ Kg6 67. Bf4 Nb5 68. Be3 Nd6 69. Rf8 Re8 70. Rf1 Nf5 71. Bf2 Kxg5
72. Rh1 Ra8 73. Rg1+ Kf6 74. Rc1 Rc8 75. Rb1 b5 76. Kc3 Ra8 77. Rf1 Ra4 78. Re1
Rc4+ 79. Kd3 b4 80. Re8 Rc3+ 81. Kd2 Nd6 82. Bh4+ g5 0-1

[Event "L'Open de l'Ouest Toulousain"]
[Site "Villeneuve-Tolosane"]
[Date "2006.02.28"]
[Round "3.4"]
[White "Sanchez, Joseph"]
[Black "Colin, Vincent"]
[Result "1/2-1/2"]
[WhiteElo "2435"]
[BlackElo "2374"]
[PlyCount "137"]
[EventDate "2006.??.??"]

1. e4 c5 2. Nf3 g6 3. d4 cxd4 4. Nxd4 Bg7 5. Nc3 Nc6 6. Be3 Nf6 7. Bc4 O-O 8.
Bb3 a5 9. O-O d6 10. h3 Bd7 11. a4 Nxd4 12. Bxd4 Bc6 13. Re1 e5 14. Be3 Nxe4
15. Nxe4 Bxe4 16. Qd2 Qc7 17. Rad1 Ra6 18. Bc5 Bxc2 19. Bxd6 Rxd6 20. Qxc2 Qxc2
21. Bxc2 Rb6 22. Be4 Rxb2 23. Rb1 Ra2 24. Rxb7 Rxa4 25. Bd5 Rd4 26. Rd7 a4 27.
Rb1 e4 28. Rbb7 a3 29. Ra7 Rd3 30. Kf1 Rb8 31. Bxf7+ Kf8 32. Ba2 Rxd7 33. Rxd7
Rb2 34. Be6 Bc3 35. g3 a2 36. Rf7+ Ke8 37. Bxa2 Rxa2 38. Rxh7 Bd4 39. Rh4 Bxf2
40. Rxe4+ Kd7 41. Rg4 Ke6 42. Rxg6+ Kf5 43. Rg4 Be3 44. Rh4 Ke5 45. Rg4 Bd4 46.
Rf4 Kd5 47. h4 Rh2 48. h5 Rxh5 49. Kg2 Be5 50. Rg4 Rh8 51. Ra4 Rg8 52. Ra3 Ke4
53. Rb3 Bd4 54. Rf3 Be5 55. Rb3 Ra8 56. Kh3 Bd4 57. Kg2 Ra4 58. Kh3 Bf2 59. Kg4
Be1 60. Kh3 Bd2 61. Kg2 Ra8 62. Kh3 Be3 63. Kg2 Ra2+ 64. Kh3 Kf3 65. Rb7 Kf2
66. Rf7+ Kg1 67. Rf5 Rh2+ 68. Kg4 Kg2 69. Rh5 1/2-1/2

[Event "L'Open de l'Ouest Toulousain"]
[Site "Villeneuve-Tolosane"]
[Date "2006.02.28"]
[Round "3.5"]
[White "Abergel, Thal"]
[Black "Sikula, Vaszilij"]
[Result "1-0"]
[WhiteElo "2426"]
[BlackElo "2490"]
[PlyCount "71"]
[EventDate "2006.??.??"]

1. e4 c5 2. Nf3 e6 3. Nc3 a6 4. d4 cxd4 5. Nxd4 Qc7 6. Bd3 Bc5 7. Nb3 Be7 8.
Qg4 g6 9. Bg5 d6 10. h4 Nc6 11. O-O-O Bd7 12. Rd2 O-O-O 13. Rhd1 f5 14. Qg3 Nf6
15. exf5 gxf5 16. Bxf5 Rdf8 17. Bh3 Ne5 18. Nd4 Nh5 19. Nxe6 Nxg3 20. Nxc7 Bxg5
21. hxg5 Kxc7 22. Bxd7 Nc4 23. Rd3 Kxd7 24. fxg3 Re8 25. Nd5 Re6 26. Nf4 Re5
27. b3 Ne3 28. Rxd6+ Kc8 29. R1d3 Nf5 30. Rf6 Ne7 31. Rf7 Rg8 32. Rd6 Nc6 33.
Rdd7 Nd8 34. Rg7 Rf8 35. Kb2 Rfe8 36. Nd5 1-0

[Event "L'Open de l'Ouest Toulousain"]
[Site "Villeneuve-Tolosane"]
[Date "2006.02.28"]
[Round "3.6"]
[White "Oussama, Omar"]
[Black "Okhotnik, Vladimir"]
[Result "1/2-1/2"]
[WhiteElo "2276"]
[BlackElo "2470"]
[PlyCount "93"]
[EventDate "2006.??.??"]

1. c4 g6 2. g3 Bg7 3. Bg2 c5 4. Nc3 Nc6 5. e3 a6 6. Nge2 Rb8 7. O-O b5 8. d3
Nf6 9. Rb1 O-O 10. b3 e6 11. Bxc6 dxc6 12. Qc2 e5 13. f3 Bh3 14. Rd1 b4 15. Na4
Nd7 16. Kh1 Be6 17. e4 f5 18. Ng1 Qe7 19. Be3 Rf7 20. Qf2 Bf8 21. Qg2 g5 22.
exf5 Bxf5 23. g4 Bg6 24. Rb2 h6 25. Rbd2 Qf6 26. Qf2 Qd8 27. Nxc5 Nxc5 28. Bxc5
Qa5 29. Bxf8 Rbxf8 30. Qe3 Rd7 31. h4 Qd8 32. hxg5 Qxg5 33. Qxg5 hxg5 34. Re1
e4 35. fxe4 Rf4 36. Ree2 Rxg4 37. Nf3 Rh7+ 38. Rh2 Bh5 39. Ng1 Rf4 40. Kg2 g4
41. Rf2 g3 42. Rxf4 gxh2 43. Kxh2 Be2+ 44. Kg3 Bxd3 45. e5 Bb1 46. Rf2 Rg7+ 47.
Kh2 {Suite illisible} 1/2-1/2

[Event "L'Open de l'Ouest Toulousain"]
[Site "Villeneuve-Tolosane"]
[Date "2006.02.28"]
[Round "3.7"]
[White "Fournier, Camille"]
[Black "Cioara, Andrei Nestor"]
[Result "0-1"]
[WhiteElo "2064"]
[BlackElo "2440"]
[PlyCount "78"]
[EventDate "2006.??.??"]

1. Nf3 e6 2. d4 Nf6 3. c4 c5 4. e3 d5 5. Nc3 Nc6 6. a3 cxd4 7. exd4 Be7 8. Bd3
dxc4 9. Bxc4 O-O 10. O-O a6 11. Ba2 b5 12. Re1 Bb7 13. Bf4 b4 14. Ne4 bxa3 15.
bxa3 Nxd4 16. Nxd4 Nxe4 17. Rc1 Bxa3 18. Rc7 Bd5 19. Bb1 Bd6 20. Bxd6 Qxd6 21.
Qc2 Nf6 22. Re3 Rab8 23. Rcc3 Be4 24. Rxe4 Nxe4 25. Qxe4 f5 26. Qe1 Qxd4 27.
Qxe6+ Kh8 28. Rc1 Qb2 29. Qe1 Rfe8 30. Qf1 g6 31. Bd3 a5 32. h4 a4 33. h5 a3
34. hxg6 hxg6 35. g3 Re7 36. Rc2 Qf6 37. Qc1 Ra8 38. Rc6 Qg7 39. Kg2 a2 0-1

[Event "L'Open de l'Ouest Toulousain"]
[Site "Villeneuve-Tolosane"]
[Date "2006.02.28"]
[Round "3.8"]
[White "Batard, David"]
[Black "Nanu, Ciprian-Costica"]
[Result "0-1"]
[WhiteElo "2015"]
[BlackElo "2436"]
[PlyCount "64"]
[EventDate "2006.??.??"]

1. d4 Nf6 2. Nf3 e6 3. c4 Bb4+ 4. Bd2 Qe7 5. Qc2 O-O 6. e3 d5 7. a3 Bxd2+ 8.
Nbxd2 c5 9. Bd3 cxd4 10. exd4 dxc4 11. Nxc4 Nc6 12. O-O Rd8 13. Rfd1 Bd7 14.
Rac1 Be8 15. b4 Rac8 16. Qb1 Kh8 17. Bf1 Nd5 18. Qe4 Qf6 19. Nfe5 Qh6 20. Ne3
Nxe3 21. fxe3 f5 22. Qf4 g5 23. Qg3 Qf6 24. Rc5 b6 25. Nxc6 Bxc6 26. Rc4 Bd5
27. Rxc8 Rxc8 28. Qd6 f4 29. Bd3 fxe3 30. Rf1 Qg7 31. Ba6 e2 32. Bxc8 Qxd4+ 0-1